La realidad actual del proceso de desalojo con cláusula de allanamiento a futuro (Registro nro. 22578)

000 -Cabecera
Campo de control interno 02346nam a2200277 4500
001 - Número de control
control field ESSALUD
005 - Fecha y hora de la última transacción
Campo de control 20260701103826.0
007 - Tipo material - Descripcion fisica - info general
Tipo material - Descripcion fisica - info general ta
008 - Elementos de Longitud Fija - Información General
Elementos de Longitud Fija - Información t pe ||||| |||| 00| 0 spa d
040 ## - Origen de la Catalogación
Origen de la Catalogación BMG
041 ## - Idioma
Idioma spa
100 ## - Autor
Autor Lazo Guerrero, Darío
Rol del Autor Autor
9 (RLIN) 52945
245 ## - Titulo
Titulo La realidad actual del proceso de desalojo con cláusula de allanamiento a futuro
Subtitulo ¿Los jueces resuelven de manera "exprés"?
246 ## - Variante del Titulo
Titulo The current reality of the eviction process with a future search el a use
Subtitulo Do judges resolve "expressly"?
300 ## - Páginas
Paginación páginas 82-92
520 ## - Resumen
Resumen El autor analiza el trámite actual que se le viene dando al proceso judicial de desalojo con cláusula de allanamiento a futuro, explicando los recursos legales y argucias que las partes utilizan con la única finalidad de convertir esta alternativa procesal en una vía que prolongue indebidamente sus resultados. Así también, precisa los aspectos que deberían modificarse en el artículo 594 del Código Procesal Civil para mejorar esta vía procedimental y, de esta forma, lograr que este proceso sea en la realidad un "desalojo exprés". Finalmente, expone las razones por las cuales se debería viabilizar las medidas cautelares de desalojo anticipado para este tipo de casos.
520 ## - Resumen
Resumen The authar analyzes the current procedure that is being given ta the judicial evictian process with a future search c/ause, explaining the legal resources and tricks that the porties use with the sale purpase af converting this pracedural alternative into a path that unduly pralongs its results. Likewise, it specifies the aspects that should be modified in article 594 of the Civil Procedure Code to imprave this procedural raute and, in this way, ensure that this pracess is in reality an "express eviction." Final/y, it expfains the reasons why precoutionary measures for earfy eviction shauld be made viable far this type of cose.
650 ## - Temas - Descriptores
Temas - Descriptores DESALOJO
9 (RLIN) 52946
650 ## - Temas - Descriptores
Temas - Descriptores CLÁUSULA DE ALLANAMIENTO A FUTURE
9 (RLIN) 53038
650 ## - Temas - Descriptores
Temas - Descriptores OCUPANTE PRECARIO
9 (RLIN) 52948
650 ## - Temas - Descriptores
Temas - Descriptores EVICTION
9 (RLIN) 52949
650 ## - Temas - Descriptores
Temas - Descriptores FUTURE TRESPASS CLAUSE
9 (RLIN) 52950
650 ## - Temas - Descriptores
Temas - Descriptores PRECORIOUS ACCUPANT
9 (RLIN) 52951
773 0# - Revista (Relacion con el numero)
Host Biblionumber 22573
Host Itemnumber 22620
Ciudad, Editorial Lima Grupo Praxis Formación Profesional, 2026-
Codigo barras item/ejemplar PRA001
Titulo de la Revista Praxis Civil & Procesal Civil
Número de control de registro ESSALUD
ISSN 3119-7671
942 ## - Elementos de Koha
Tipo de Documento Artículos
Fecha procesamiento 2026-06-30
Catalogador sqb

No hay ítems disponibles.